000 00482nam a2200193Ia 4500
008 101110s9999 xx 000 0 und d
041 _aENGLISH
082 _bSR66
_a651.3
100 _aBose R.B.
245 _aEssential of Business Organisation
365 _b12.5
520 _aCommerce
546 _aENGLISH
630 _aEssential of Business Organisation
650 _aCommerce
655 _aCommerce
730 _aEssential of Business Organisation
942 _cBOOK
999 _c797499
_d797496